000
00235nam a2200097Ia 4500
008
170619s9999 xx 000 0 und d
100
_a
Ramchandra
245
0
_a
Non Linear Analysis of Steel Structure
260
_b
Standard PUB
260
_c
2006
546
_a
ENGLISH
999
_c
21616
_d
21616